Statistics for All Notorious B.I.G. Songs

Click here to take the quiz!

General Stats

  • This quiz has been taken 141 times
    (67 since last reset)
  • The average score is 25 of 121

Answer Stats

AlbumSong% Correct
Ready to DieJuicy
93%
The King & IBig/Faye (Interlude)
83%
Ready to DieBig Poppa
83%
Life After DeathHypnotize
81%
Ready to DieF**k Me (Interlude)
78%
Ready to DieSuicidal Thoughts
63%
Ready to DieReady to Die
61%
Born AgainN***as
57%
Ready to DieWho Shot Ya?
56%
Ready to DieGimme the Loot
54%
Life After DeathMo Money Mo Problems
46%
SingleOne More Chance / Stay with Me (Remix)
46%
Ready to DieThe What
46%
Ready to DieOne More Chance
44%
Notorious: Music from and Inspired by the Original Motion PictureOne More Chance (The Legacy Remix)
44%
Born AgainDead Wrong
43%
Duets: The Final ChapterB.I.G. Live in Jamaica (Intro)
41%
Ready to DieIntro
41%
Ready to DieWarning
41%
Ready to DieMachine Gun Funk
39%
Life After DeathGoing Back to Cali
37%
Ready to DieMe & My B***h
37%
Life After DeathSky's the Limit
37%
Life After DeathTen Crack Commandments
37%
Ready to DieEveryday Struggle
35%
Life After DeathNotorious Thugs
35%
Ready to DieJust Playing (Dreams)
31%
Born AgainNotorious B.I.G.
31%
Ready to DieRespect
31%
Life After DeathF**k You Tonight
30%
Life After DeathKick in the Door
30%
Ready to DieThings Done Changed
30%
Born AgainBorn Again
28%
Life After DeathI Got a Story to Tell
28%
Ready to DieUnbelievable
28%
Life After DeathWhat's Beef?
28%
Duets: The Final ChapterNasty Girl
26%
Life After DeathLong Kiss Goodnight
24%
Life After DeathNasty Boy
24%
Life After DeathAnother
22%
Ready to DieFriend of Mine
22%
Life After DeathI Love the Dough
22%
Duets: The Final ChapterLove Is Everlasting (Outro)
22%
Life After DeathMiss U
22%
Life After DeathN***as Bleed
22%
Born AgainBiggie
20%
Life After DeathLast Day
20%
Life After DeathMy Downfall
20%
Notorious: Music from and Inspired by the Original Motion PictureParty and Bullsh*t
20%
Life After DeathSomebody's Gotta Die
20%
Life After DeathThe World Is Filled...
20%
Life After DeathYou're Nobody (Til Somebody Kills You)
20%
Life After DeathPlaya Hater
19%
Duets: The Final Chapter1970 Somethin'
17%
Born AgainCome On
17%
Life After DeathB.I.G. Interlude
15%
New SingleG.O.A.T.
15%
Life After DeathLife After Death Intro
15%
Duets: The Final ChapterHold Ya Head
13%
Born AgainRap Phenomenon
13%
Duets: The Final ChapterBeef
11%
Duets: The Final ChapterSpit Your Game
11%
Born AgainBig Booty Hoes
9%
Duets: The Final ChapterBreakin' Old Habits
9%
Born AgainIf I Should Die Before I Wake
9%
Born AgainI Really Want to Show You
9%
Duets: The Final ChapterLiving the Life
9%
Born AgainTonight
9%
Duets: The Final ChapterUltimate Rush
9%
Duets: The Final ChapterWhatchu Want
9%
Born AgainWould You Die for Me
9%
Born AgainCan I Get Witcha
7%
Born AgainDangerous MC's
7%
Duets: The Final ChapterGet Your Grind On
7%
Born AgainHope You N***as Sleep
7%
Duets: The Final ChapterHustler's Story
7%
Duets: The Final ChapterI'm with Whateva
7%
Life After DeathInterview/Biggie Speaks (Hidden Track)
7%
Duets: The Final ChapterIt Has Been Said
7%
Duets: The Final ChapterJust a Memory
7%
Born AgainLet Me Get Down
7%
Duets: The Final ChapterLittle Homie (Interlude)
7%
Duets: The Final ChapterLiving in Pain
7%
Duets: The Final ChapterMi Casa
7%
Born AgainMs. Wallace
7%
Duets: The Final ChapterMy Dad (Interlude)
7%
Hakuna MatomaOld Thing Back
7%
Duets: The Final ChapterThe Greatest Rapper (Interlude)
7%
Duets: The Final ChapterWake Up
7%
The King & IA Billion
6%
The King & IA Little Romance
6%
The King & IBeautiful (Interlude)
6%
The King & IBody Language
6%
The King & ICan't Get Enough
6%
The King & ICrazy (Interlude)
6%
The King & IDon't Test Me
6%
The King & IFool for You
6%
The King & IGot Me Twisted
6%
Notorious: Music from and Inspired by the Original Motion PictureGuaranteed Raw
6%
The King & II Don't Want It
6%
The King & II Got Married (Interlude)
6%
The King & IIt Was Worth It
6%
The King & II Wish (Interlude)
6%
The King & ILegacy
6%
Notorious: Music from and Inspired by the Original Motion PictureLove No Ho
6%
The King & ILovin' You for Life
6%
Notorious: Music from and Inspired by the Original Motion PictureMicrophone Murderer
6%
The King & IMy B
6%
The King & INYC
6%
The King & IOne in the Same
6%
Bad Boys II (Soundtrack)Realest N***as
6%
One Million StrongRunnin' from tha Police
6%
The King & ISomebody Knows
6%
The King & ITake Me There
6%
The King & ITen Wife Commandments
6%
The King & IThe Baddest (Interlude)
6%
Notorious: Music from and Inspired by the Original Motion PictureThe Notorious Theme
6%
The King & IThe Reason
6%
The King & ITryna Get By
6%
The King & IWe Just Clicked (Interlude)
6%
The King & IWhen We Party
6%

Score Distribution

Percentile by Number Answered

Percent of People with Each Score

Your Score History

You have not taken this quiz since the last reset